[Event "Portugal Rapid op"]
[Site "Lisboa POR"]
[Date "2022.09.03"]
[Round "1.1"]
[White "Spraggett, Kevin"]
[Black "Silva, Lourenco Santa Clar"]
[Result "1-0"]
[WhiteElo "2472"]
[BlackElo "1632"]
[PlyCount "83"]
[EventDate "2022.09.03"]
[EventType "swiss (rapid)"]
[EventRounds "11"]
[EventCountry "POR"]
[Source "ChessMix"]
[SourceDate "2022.09.10"]

1. Nf3 Nf6 2. c4 g6 3. b3 Bg7 4. Bb2 O-O 5. g3 c6 6. Bg2 d5 7. O-O e6 8. d3
Nbd7 9. Nbd2 Re8 10. Qc2 Rb8 11. Rac1 b6 12. cxd5 cxd5 13. Nd4 Bb7 14. Nc6 Bxc6
15. Qxc6 Rc8 16. Qa4 Rc7 17. Rc2 Rxc2 18. Rd1 Rc1 19. Rxc1 Qb8 20. b4 Qb7 21.
Nf3 b5 22. Qc2 Nb6 23. Nd4 Na4 24. Ba1 Nd7 25. a3 a6 26. Qb1 Ndb6 27. Nb3 Bxa1
28. Qxa1 Rc8 29. Nc5 Qa7 30. e4 dxe4 31. Bxe4 Nd5 32. Bxd5 exd5 33. d4 Nb6 34.
Re1 Rc7 35. Re8+ Kg7 36. Qe1 Nc4 37. h4 h5 38. Qe2 Qb6 39. Rd8 Qc6 40. Qf3 Nd6
41. Ne6+ Kh7 42. Qf6 1-0

[Event "Portugal Rapid op"]
[Site "Lisboa POR"]
[Date "2022.09.03"]
[Round "2.1"]
[White "Sousa, Tadeu Filipe Leonar"]
[Black "Spraggett, Kevin"]
[Result "0-1"]
[WhiteElo "1975"]
[BlackElo "2472"]
[PlyCount "49"]
[EventDate "2022.09.03"]
[EventType "swiss (rapid)"]
[EventRounds "11"]
[EventCountry "POR"]
[Source "ChessMix"]
[SourceDate "2022.09.10"]

1. d4 Nf6 2. Nc3 d5 3. Bf4 Bf5 4. e3 e6 5. f3 Bb4 6. Nge2 Bg6 7. a3 Ba5 8. b4
Bb6 9. Ng3 c6 10. Bd3 Bc7 11. O-O Nbd7 12. Bxc7 Qxc7 13. Kh1 a5 14. e4 dxe4 15.
fxe4 e5 16. Nf5 O-O 17. Qf3 axb4 18. Ne7+ Kh8 19. Nxg6+ fxg6 20. axb4 Rxa1 21.
Rxa1 exd4 22. Ne2 Ne5 23. Qf4 Qd6 24. Ra5 Nfg4 25. Qd2 0-1

[Event "Portugal Rapid op"]
[Site "Lisboa POR"]
[Date "2022.09.03"]
[Round "3.1"]
[White "Spraggett, Kevin"]
[Black "Guerreiro, Nuno M"]
[Result "1-0"]
[WhiteElo "2472"]
[BlackElo "2065"]
[PlyCount "81"]
[EventDate "2022.09.03"]
[EventType "swiss (rapid)"]
[EventRounds "11"]
[EventCountry "POR"]
[Source "ChessMix"]
[SourceDate "2022.09.10"]

1. Nf3 Nc6 2. c4 e5 3. Nc3 Nf6 4. d3 Bb4 5. Bd2 O-O 6. e3 Re8 7. Be2 Nb8 8. O-O
c6 9. Qc2 d5 10. a3 Bf8 11. e4 d4 12. Na4 b5 13. cxb5 cxb5 14. Nc5 Na6 15. Nb3
Be6 16. Na5 Nd7 17. Ng5 Rc8 18. Qb1 Ndc5 19. b4 Na4 20. Nxe6 fxe6 21. Bg4 Nc3
22. Qb3 Qf6 23. Rac1 Qg6 24. h3 h5 25. Bf3 Na4 26. Nc6 Rc7 27. Nxe5 Qf6 28.
Rxc7 Nxc7 29. Nd7 Qf7 30. Nxf8 Rxf8 31. Rc1 Ne8 32. Rc6 Nc7 33. Qc2 Ne8 34. Qb3
Nc7 35. Be1 Kh8 36. Qd1 g6 37. Qc1 Ne8 38. Qh6+ Kg8 39. Qg5 Nc7 40. Qe5 Rc8 41.
Qxd4 1-0

[Event "Portugal Rapid op"]
[Site "Lisboa POR"]
[Date "2022.09.03"]
[Round "5.1"]
[White "Spraggett, Kevin"]
[Black "Santos, Jose"]
[Result "0-1"]
[WhiteElo "2472"]
[BlackElo "2384"]
[PlyCount "126"]
[EventDate "2022.09.03"]
[EventType "swiss (rapid)"]
[EventRounds "11"]
[EventCountry "POR"]
[Source "ChessMix"]
[SourceDate "2022.09.10"]

1. Nf3 c5 2. c4 Nf6 3. Nc3 g6 4. e4 Nc6 5. d4 cxd4 6. Nxd4 Nxd4 7. Qxd4 d6 8.
f3 Bg7 9. Be3 O-O 10. Qd2 Be6 11. Rc1 a6 12. b3 Qa5 13. Be2 Rfc8 14. Na4 Qxd2+
15. Kxd2 Nd7 16. g4 Rcb8 17. Nc3 Rc8 18. h3 Kf8 19. f4 Nc5 20. Bf3 b5 21. Nd5
Rab8 22. cxb5 Bxd5 23. exd5 axb5 24. Rc2 b4 25. Rhc1 Bc3+ 26. Rxc3 bxc3+ 27.
Rxc3 Ke8 28. Kc2 Kd7 29. Bd4 e6 30. dxe6+ fxe6 31. Be3 Rf8 32. Be2 Ne4 33. Rc4
d5 34. Ra4 Rfc8+ 35. Kb2 Rc7 36. Bd4 Nc5 37. Ra5 Nb7 38. Rb5 Rbc8 39. Bd3 Nc5
40. Bb1 Nb7 41. Be5 Nd6 42. Rb6 Rc6 43. Rxc6 Kxc6 44. a4 Ne4 45. Bd3 Kb7 46. a5
Nf2 47. a6+ Ka8 48. Bb5 Rc5 49. Bd7 Nd3+ 50. Kb1 Nxe5 51. fxe5 d4 52. Bxe6 Ka7
53. Bc4 Rxe5 54. Kc2 Re3 55. h4 Rh3 56. h5 gxh5 57. gxh5 Rxh5 58. Kd3 Rh4 59.
b4 Kb6 60. b5 Rf4 61. Bd5 h5 62. Be4 h4 63. Kxd4 h3 0-1

[Event "Portugal Rapid op"]
[Site "Lisboa POR"]
[Date "2022.09.03"]
[Round "6.5"]
[White "Rocha, Sergio MC"]
[Black "Spraggett, Kevin"]
[Result "0-1"]
[WhiteElo "2324"]
[BlackElo "2472"]
[PlyCount "142"]
[EventDate "2022.09.03"]
[EventType "swiss (rapid)"]
[EventRounds "11"]
[EventCountry "POR"]
[Source "ChessMix"]
[SourceDate "2022.09.10"]

1. Nf3 Nf6 2. d4 d6 3. c4 Nbd7 4. Nc3 g6 5. Bg5 h6 6. Bh4 g5 7. Bg3 Nh5 8. e3
Bg7 9. Be2 e6 10. Qc2 a6 11. Nd2 Nxg3 12. hxg3 Qe7 13. g4 c5 14. dxc5 Nxc5 15.
Nde4 Nxe4 16. Nxe4 d5 17. cxd5 exd5 18. Nc3 Be6 19. Qa4+ Kf8 20. Rd1 Rd8 21.
O-O Qc5 22. Ne4 Qe7 23. Nc3 Qc5 24. Ne4 Qe7 25. Ng3 Bxb2 26. Nh5 Qa3 27. Qc2
Rc8 28. Qb1 b5 29. Bf3 Rc5 30. Rd3 Bc3 31. Rfd1 Qb2 32. Qxb2 Bxb2 33. Bxd5 Bxg4
34. Bf3 Be6 35. Rd6 a5 36. Ra6 a4 37. Ra7 Rc8 38. Bc6 a3 39. Bxb5 Bxa2 40. Rd3
Be6 41. Rdxa3 Bxa3 42. Rxa3 Ke7 43. Kh2 Rc7 44. Ng7 Rb8 45. Bd3 Kf6 46. Nh5+
Ke7 47. Kg3 Rb3 48. Rxb3 Bxb3 49. Bb5 Rc5 50. Ba6 Bd1 51. f3 f5 52. Bd3 Rc3 53.
Bxf5 Rxe3 54. Kg4 Re2 55. Kg3 Rb2 56. Bh3 Kf7 57. Kg4 Rb4+ 58. Kg3 Rh4 59. Bg4
Rh1 60. Kf2 Bc2 61. Ng3 Ra1 62. Ne2 Bd3 63. Nd4 Bg6 64. Be6+ Kf6 65. Bh3 h5 66.
Kg3 Rd1 67. Nb5 Bf5 68. Nc3 Rd3 69. Ne2 g4 70. Nf4 gxh3 71. Nxd3 hxg2 0-1

[Event "Portugal Rapid op"]
[Site "Lisboa POR"]
[Date "2022.09.03"]
[Round "7.3"]
[White "Spraggett, Kevin"]
[Black "Veiga, Jose Francisco R P "]
[Result "1/2-1/2"]
[WhiteElo "2472"]
[BlackElo "2389"]
[PlyCount "90"]
[EventDate "2022.09.03"]
[EventType "swiss (rapid)"]
[EventRounds "11"]
[EventCountry "POR"]
[Source "ChessMix"]
[SourceDate "2022.09.10"]

1. Nf3 Nf6 2. c4 g6 3. b3 Bg7 4. Bb2 O-O 5. g3 c5 6. Bg2 Nc6 7. O-O d6 8. d3 e5
9. Nc3 h6 10. Ne1 Be6 11. Nd5 Bxd5 12. cxd5 Ne7 13. e4 Nd7 14. Nc2 f5 15. a4 f4
16. Bh3 g5 17. Na3 Nf6 18. Nc4 b6 19. Be6+ Kh8 20. f3 a6 21. gxf4 gxf4 22. Kh1
Rb8 23. Rg1 Nh7 24. Bc3 Bf6 25. Qe2 Ng5 26. Bg4 Rg8 27. Rg2 Ng6 28. h4 Nxh4 29.
Rh2 Nh7 30. Be1 b5 31. axb5 axb5 32. Nxd6 Qxd6 33. Bxh4 Bxh4 34. Rxh4 Ra8 35.
Rb1 Rg6 36. Qh2 Kg7 37. Rg1 Ng5 38. Be6 Ra3 39. Qb2 b4 40. Bf5 Rf6 41. Kg2 Kf8
42. Ra1 Qa6 43. Rhh1 Rf7 44. Qxe5 Rg7 45. Qb8+ Kf7 1/2-1/2

[Event "Portugal Rapid op"]
[Site "Lisboa POR"]
[Date "2022.09.04"]
[Round "9.1"]
[White "Sousa, Andre Ventura"]
[Black "Spraggett, Kevin"]
[Result "1-0"]
[WhiteElo "2449"]
[BlackElo "2472"]
[PlyCount "75"]
[EventDate "2022.09.03"]
[EventType "swiss (rapid)"]
[EventRounds "11"]
[EventCountry "POR"]
[Source "ChessMix"]
[SourceDate "2022.09.10"]

1. d4 Nf6 2. Bf4 d5 3. e3 c6 4. Bd3 Bg4 5. Nf3 e6 6. h3 Bh5 7. g4 Bg6 8. Ne5
Bxd3 9. cxd3 Nbd7 10. Nc3 Nxe5 11. dxe5 Nd7 12. d4 Be7 13. Rc1 a6 14. a3 Rc8
15. e4 Nb6 16. Rc2 O-O 17. O-O Qd7 18. Be3 Rfd8 19. Qc1 Bf8 20. Rd1 dxe4 21.
Nxe4 Qd5 22. f3 Qd7 23. Bf2 Nd5 24. h4 f5 25. exf6 gxf6 26. Bg3 Qf7 27. Rg2 Rd7
28. g5 f5 29. Nf6+ Nxf6 30. gxf6 Kh8 31. Be5 Bd6 32. Rg7 Rg8 33. Kf2 Rxg7 34.
fxg7+ Kg8 35. Qf4 Bxe5 36. Qxe5 Rd5 37. Qb8+ Kxg7 38. Rg1+ 1-0

[Event "Portugal Rapid op"]
[Site "Lisboa POR"]
[Date "2022.09.04"]
[Round "10.6"]
[White "Spraggett, Kevin"]
[Black "Dias, Paulo Jorge Guimara"]
[Result "1-0"]
[WhiteElo "2472"]
[BlackElo "2341"]
[PlyCount "110"]
[EventDate "2022.09.03"]
[EventType "swiss (rapid)"]
[EventRounds "11"]
[EventCountry "POR"]
[Source "ChessMix"]
[SourceDate "2022.09.10"]

1. Nf3 d5 2. d4 e6 3. c4 Nf6 4. Nc3 Bb4 5. e3 O-O 6. Bd3 c5 7. O-O dxc4 8. Bxc4
cxd4 9. exd4 Nbd7 10. Qb3 Bxc3 11. bxc3 Nb6 12. Be2 Bd7 13. Ne5 Ba4 14. Qb2 Qd6
15. c4 Nbd7 16. Bf4 Qb6 17. Qxb6 axb6 18. Rfb1 Nxe5 19. Bxe5 Nd7 20. Bf4 Rfc8
21. Rb2 Bc6 22. Rd1 Ra5 23. Bd2 Ra3 24. Bb4 Ra7 25. d5 exd5 26. cxd5 Ba4 27.
Re1 Re8 28. Kf1 Raa8 29. Bd6 Rac8 30. Rb4 Bc2 31. Bc4 Nf6 32. Bb5 Rxe1+ 33.
Kxe1 Nxd5 34. Rd4 Nf6 35. f3 Bf5 36. Be5 Be6 37. a4 h6 38. Kd2 Nd5 39. f4 f6
40. Bd6 Nc3 41. Bd3 Bb3 42. Rb4 Bxa4 43. Rc4 Rd8 44. Kxc3 Bb5 45. Rd4 Bc6 46.
g3 Kf7 47. Bc7 Rc8 48. Bxb6 h5 49. Kd2 h4 50. g4 Bf3 51. Bc4+ Ke7 52. g5 fxg5
53. fxg5 Rc6 54. Bd8+ Kf8 55. Rf4+ Ke8 1-0

[Event "Portugal Rapid op"]
[Site "Lisboa POR"]
[Date "2022.09.04"]
[Round "11.4"]
[White "Rego, Pedro Filipe"]
[Black "Spraggett, Kevin"]
[Result "0-1"]
[WhiteElo "2273"]
[BlackElo "2472"]
[PlyCount "128"]
[EventDate "2022.09.03"]
[EventType "swiss (rapid)"]
[EventRounds "11"]
[EventCountry "POR"]
[Source "ChessMix"]
[SourceDate "2022.09.10"]

1. e4 c5 2. Nf3 e6 3. d4 cxd4 4. Nxd4 a6 5. Bd3 Bc5 6. Nb3 Ba7 7. O-O Nc6 8. c4
d6 9. Nc3 Nf6 10. Qe2 O-O 11. Be3 Bxe3 12. Qxe3 Qc7 13. Rac1 Ne5 14. h3 b6 15.
f4 Ng6 16. Nd4 Re8 17. Nf3 Qc5 18. Qxc5 bxc5 19. g3 Bb7 20. Kf2 Red8 21. Rfd1
Bc6 22. Rd2 Kf8 23. b3 Ke7 24. Re1 Kf8 25. Bc2 Ne8 26. Red1 Ke7 27. Re1 Kf8 28.
Red1 Rdc8 29. Bd3 Ne7 30. Rc1 h6 31. Bf1 Rab8 32. Bd3 Ba8 33. Bb1 Nc6 34. Ke3
Ke7 35. Rcd1 Nb4 36. Ne1 g6 37. g4 Nc6 38. Nf3 Rd8 39. Na4 Rdc8 40. Kf2 Nb4 41.
Ke3 Bc6 42. Nc3 a5 43. a4 Rd8 44. Nb5 Bxb5 45. axb5 Ra8 46. Bc2 a4 47. bxa4
Nxc2+ 48. Rxc2 Rxa4 49. Rb1 Nc7 50. Rb3 Rb8 51. Rd3 Rb6 52. Nd2 f5 53. gxf5
gxf5 54. exf5 exf5 55. Nf3 Ne6 56. Nh4 Nd4 57. Rxd4 cxd4+ 58. Kxd4 Rxb5 59.
Re2+ Kf7 60. Rc2 Rc5 61. Nf3 Kf6 62. Rc3 Ra1 63. Rd3 Rc1 64. Ne5 Rc7 0-1

[Event "Tras-os-Montes op"]
[Site "Mirandela POR"]
[Date "2022.08.17"]
[Round "1.9"]
[White "Roig Squar, Jason"]
[Black "Spraggett, Kevin"]
[Result "0-1"]
[WhiteElo "1984"]
[BlackElo "2487"]
[PlyCount "44"]
[EventDate "2022.08.17"]
[EventType "swiss"]
[EventRounds "9"]
[EventCountry "POR"]
[Source "ChessMix"]
[SourceDate "2022.09.01"]

1. e4 c5 2. Nf3 e6 3. Nc3 a6 4. a4 d6 5. Be2 Nf6 6. O-O Qc7 7. d4 cxd4 8. Nxd4
Be7 9. Be3 b6 10. Nb3 Bb7 11. f3 O-O 12. Qe1 Nc6 13. Qf2 Nd7 14. Rfd1 Rfe8 15.
Nd2 Nb4 16. Rac1 d5 17. exd5 exd5 18. Nb3 Bf6 19. Bd4 Bg5 20. Nd2 Qd6 21. Qg3
Qh6 22. h3 Nc6 0-1

[Event "Tras-os-Montes op"]
[Site "Mirandela POR"]
[Date "2022.08.18"]
[Round "2.7"]
[White "Spraggett, Kevin"]
[Black "Schenderowitsch, Michael"]
[Result "1-0"]
[WhiteElo "2487"]
[BlackElo "2306"]
[PlyCount "139"]
[EventDate "2022.08.17"]
[EventType "swiss"]
[EventRounds "9"]
[EventCountry "POR"]
[Source "ChessMix"]
[SourceDate "2022.09.01"]

1. e4 e6 2. d4 d5 3. Nc3 Bb4 4. e5 Ne7 5. a3 Bxc3+ 6. bxc3 c5 7. h4 Nbc6 8. h5
Qa5 9. Bd2 cxd4 10. cxd4 Qa4 11. Nf3 Nxd4 12. Bd3 Ndf5 13. Rb1 Nc6 14. Bb5 Qe4+
15. Kf1 a6 16. Bd3 Qa4 17. h6 Rg8 18. Bxf5 exf5 19. hxg7 Rxg7 20. Bb4 Nxb4 21.
axb4 Qb5+ 22. Kg1 d4 23. Rh4 f4 24. Qxd4 Be6 25. Qxf4 O-O-O 26. Nd4 Qd5 27. g3
Kb8 28. c3 Rc8 29. Qe3 Qa2 30. Rc1 Qb2 31. Rc2 Qb1+ 32. Qc1 Qxc1+ 33. Rxc1 Rg5
34. Nxe6 fxe6 35. Re4 Rd8 36. Rce1 Rd3 37. R1e3 Rd2 38. Rf3 Rg7 39. Rf6 Re7 40.
Kg2 Rc2 41. c4 Rb2 42. c5 a5 43. bxa5 Rb5 44. Ra4 Rxc5 45. f4 Ka7 46. Ra3 Ka6
47. Rf8 Kb5 48. a6 bxa6 49. Rb8+ Kc4 50. Rxa6 Kd5 51. Ra4 Rc2+ 52. Kh3 Rc5 53.
Rb6 Rcc7 54. Rd6+ Kc5 55. Raa6 Rg7 56. Rxe6 Kd5 57. Red6+ Ke4 58. Ra4+ Ke3 59.
e6 Rc1 60. f5 Rf1 61. Rf4 Rg1 62. Rg4 Ra7 63. Rdd4 h5 64. Rge4+ Kf3 65. Rf4+
Ke3 66. Rde4+ Kd3 67. e7 Ra2 68. Kh4 Rh2+ 69. Kg5 Rxg3+ 70. Kh6 1-0

[Event "Tras-os-Montes op"]
[Site "Mirandela POR"]
[Date "2022.08.18"]
[Round "3.5"]
[White "Levin, Guy"]
[Black "Spraggett, Kevin"]
[Result "1/2-1/2"]
[WhiteElo "2352"]
[BlackElo "2487"]
[PlyCount "50"]
[EventDate "2022.08.17"]
[EventType "swiss"]
[EventRounds "9"]
[EventCountry "POR"]
[Source "ChessMix"]
[SourceDate "2022.09.01"]

1. e4 c5 2. Nf3 e6 3. g3 Nc6 4. Bg2 Nf6 5. Qe2 d5 6. exd5 Nxd5 7. O-O Be7 8.
Rd1 Qb6 9. Na3 O-O 10. Nc4 Qc7 11. c3 b6 12. d3 Bb7 13. h4 b5 14. Nce5 Nxe5 15.
Nxe5 Nf6 16. Be4 Bc6 17. Bxc6 Qb7 18. h5 h6 19. a4 a6 20. Ng4 Rad8 21. axb5
axb5 22. Nxf6+ Bxf6 23. Qg4 Kh8 24. Qe2 Kg8 25. Qg4 Kh8 1/2-1/2

[Event "Tras-os-Montes op"]
[Site "Mirandela POR"]
[Date "2022.08.19"]
[Round "4.6"]
[White "Spraggett, Kevin"]
[Black "Portela Peleteiro, Alberto"]
[Result "1/2-1/2"]
[WhiteElo "2487"]
[BlackElo "2354"]
[PlyCount "65"]
[EventDate "2022.08.17"]
[EventType "swiss"]
[EventRounds "9"]
[EventCountry "POR"]
[Source "ChessMix"]
[SourceDate "2022.09.01"]

1. d4 d6 2. Nf3 Nf6 3. c4 g6 4. Nc3 Bg7 5. e4 O-O 6. h3 e5 7. d5 Nh5 8. g3 Qe8
9. Be2 f5 10. Nh4 Nf6 11. exf5 gxf5 12. Qc2 Na6 13. a3 Nc5 14. b4 Nce4 15. Nxe4
Nxe4 16. g4 Nc3 17. Nxf5 Bxf5 18. gxf5 Nxe2 19. Qxe2 Rxf5 20. Rg1 Kh8 21. Qg4
Qf7 22. Be3 e4 23. Rd1 Rf8 24. Rg2 Rf3 25. Ke2 Rxh3 26. Qxh3 Qf3+ 27. Qxf3
exf3+ 28. Kf1 fxg2+ 29. Kxg2 Be5 30. c5 Kg7 31. a4 Kg6 32. Rc1 Bf4 33. Kf3
1/2-1/2

[Event "Tras-os-Montes op"]
[Site "Mirandela POR"]
[Date "2022.08.20"]
[Round "5.8"]
[White "Bifulco, Michel"]
[Black "Spraggett, Kevin"]
[Result "0-1"]
[WhiteElo "2339"]
[BlackElo "2487"]
[PlyCount "62"]
[EventDate "2022.08.17"]
[EventType "swiss"]
[EventRounds "9"]
[EventCountry "POR"]
[Source "ChessMix"]
[SourceDate "2022.09.01"]

1. e4 c5 2. Nc3 e6 3. Nf3 a6 4. d4 cxd4 5. Nxd4 Qc7 6. Bd3 Nf6 7. f4 d6 8. Qe2
Nbd7 9. g4 h6 10. Be3 e5 11. Nf5 exf4 12. Bxf4 g6 13. Ne3 Bg7 14. O-O-O Ne5 15.
h3 b5 16. Bxb5+ axb5 17. Nxb5 Qa5 18. Nxd6+ Kf8 19. a3 Be6 20. Nef5 Nfd7 21.
Nxg7 Kxg7 22. Nf5+ Kh7 23. Qe3 gxf5 24. gxf5 Ba2 25. Rhg1 Rac8 26. c3 Qa6 27.
Qd4 Rxc3+ 28. Qxc3 Rc8 29. Rg3 Rxc3+ 30. Rxc3 Qe2 31. Bxe5 Nxe5 0-1

[Event "Tras-os-Montes op"]
[Site "Mirandela POR"]
[Date "2022.08.20"]
[Round "6.5"]
[White "Spraggett, Kevin"]
[Black "Sorensen, Hampus"]
[Result "1/2-1/2"]
[WhiteElo "2487"]
[BlackElo "2383"]
[PlyCount "33"]
[EventDate "2022.08.17"]
[EventType "swiss"]
[EventRounds "9"]
[EventCountry "POR"]
[Source "ChessMix"]
[SourceDate "2022.09.01"]

1. c4 e6 2. Nf3 d5 3. d4 Nf6 4. Nc3 dxc4 5. e3 a6 6. a4 c5 7. Bxc4 Nc6 8. O-O
Be7 9. Qd3 b6 10. Rd1 Bb7 11. Qe2 Qc7 12. h3 O-O 13. d5 exd5 14. Bxd5 Rad8 15.
Bc4 Ra8 16. Bd5 Rad8 17. Bc4 1/2-1/2

[Event "Tras-os-Montes op"]
[Site "Mirandela POR"]
[Date "2022.08.21"]
[Round "7.3"]
[White "Quesada Perez, Yasser"]
[Black "Spraggett, Kevin"]
[Result "1/2-1/2"]
[WhiteElo "2574"]
[BlackElo "2487"]
[PlyCount "126"]
[EventDate "2022.08.17"]
[EventType "swiss"]
[EventRounds "9"]
[EventCountry "POR"]
[Source "ChessMix"]
[SourceDate "2022.09.01"]

1. e4 c5 2. Nf3 e6 3. c3 d5 4. exd5 exd5 5. d4 a6 6. Bd3 cxd4 7. Nxd4 Nf6 8.
O-O Be7 9. Nd2 O-O 10. N2f3 Nc6 11. Re1 Re8 12. h3 h6 13. Bf4 Bf8 14. Rxe8 Qxe8
15. Qb3 Qd8 16. Re1 Na5 17. Qc2 Nc4 18. Qe2 Nd6 19. Ne5 Bd7 20. Qf3 Be8 21. Ng4
Nxg4 22. hxg4 Qf6 23. Qg3 Ne4 24. Bxe4 dxe4 25. Rxe4 Bd7 26. g5 Qg6 27. Re1
hxg5 28. Bxg5 Re8 29. Rd1 b5 30. a3 Qh5 31. f3 Bc5 32. Bf4 f6 33. Re1 Rxe1+ 34.
Qxe1 Bxd4+ 35. cxd4 Qd5 36. Qc3 Kf7 37. Bb8 Bc6 38. Ba7 g5 39. Qc2 f5 40. Qd2
Kg6 41. Bb8 g4 42. fxg4 fxg4 43. Be5 Qe4 44. Kh2 Kf7 45. Qf2+ Ke8 46. Kg3 Bd5
47. Qd2 Kd7 48. b3 Bxb3 49. Kh4 Bd5 50. g3 Qh7+ 51. Kg5 Be6 52. Qa5 Qf5+ 53.
Kh6 Qf8+ 54. Bg7 Qd6 55. Bf6 Qf8+ 56. Bg7 Qd6 57. Bf6 Qf8+ 58. Kg5 Qg8+ 59. Kf4
Qb8+ 60. Be5 Qf8+ 61. Kg5 Qf5+ 62. Kh6 Qf8+ 63. Bg7 Qd6 1/2-1/2

[Event "Tras-os-Montes op"]
[Site "Mirandela POR"]
[Date "2022.08.22"]
[Round "8.5"]
[White "Spraggett, Kevin"]
[Black "Nguyen, Piotr"]
[Result "1-0"]
[WhiteElo "2487"]
[BlackElo "2424"]
[PlyCount "99"]
[EventDate "2022.08.17"]
[EventType "swiss"]
[EventRounds "9"]
[EventCountry "POR"]
[Source "ChessMix"]
[SourceDate "2022.09.01"]

1. e4 c5 2. Nf3 g6 3. d4 cxd4 4. Nxd4 Nc6 5. c4 Nf6 6. Nc3 Nxd4 7. Qxd4 d6 8.
f3 Bg7 9. Be3 O-O 10. Qd2 a5 11. Na4 Be6 12. Rc1 Nd7 13. b3 Qc7 14. Be2 Nc5 15.
Nc3 Qb6 16. Nb5 f5 17. exf5 gxf5 18. f4 Bd7 19. O-O Bc6 20. Rfe1 Qd8 21. Bf1 b6
22. Nc3 Rb8 23. Rcd1 Rb7 24. Bd4 Bxd4+ 25. Qxd4 Rf6 26. g3 Qf8 27. Bg2 Bxg2 28.
Kxg2 Qg7 29. Re3 Rf8 30. Qd5+ Qf7 31. Qc6 Rfb8 32. Rde1 Kf8 33. Qf3 e6 34. a3
Re7 35. b4 Nb7 36. Nb5 axb4 37. axb4 Rc8 38. Nd4 Nd8 39. Qe2 Rec7 40. Nb5 Rc6
41. Qd3 Qd7 42. Kh3 Kf7 43. Nd4 Rxc4 44. Nxe6 Nxe6 45. Qxf5+ Kg8 46. Rxe6 R4c7
47. Qg4+ Kh8 48. f5 d5 49. f6 Rc4 50. Re8+ 1-0

[Event "Tras-os-Montes op"]
[Site "Mirandela POR"]
[Date "2022.08.23"]
[Round "9.4"]
[White "Kosakowski, Jakub"]
[Black "Spraggett, Kevin"]
[Result "1-0"]
[WhiteElo "2432"]
[BlackElo "2487"]
[PlyCount "73"]
[EventDate "2022.08.17"]
[EventType "swiss"]
[EventRounds "9"]
[EventCountry "POR"]
[Source "ChessMix"]
[SourceDate "2022.09.01"]

1. e4 c5 2. Nf3 e6 3. d4 cxd4 4. Nxd4 a6 5. Bd3 Nf6 6. O-O d6 7. c4 Be7 8. Nc3
O-O 9. Qe2 Nbd7 10. f4 g6 11. Be3 Re8 12. Kh1 Bf8 13. Rad1 Qc7 14. Bc2 b6 15.
e5 dxe5 16. fxe5 Qxe5 17. Nf3 Qc7 18. Ng5 Bg7 19. Nce4 Re7 20. Nd6 Bb7 21. Bf4
e5 22. Bg3 Rf8 23. Bh4 Bc6 24. b4 h6 25. Ngxf7 Rexf7 26. Nxf7 Rxf7 27. Bxg6 Rf8
28. Bc2 Kh8 29. Bf5 b5 30. Be6 Re8 31. Bxd7 Nxd7 32. Rf7 Rf8 33. Re7 Rf4 34.
Qh5 Qd6 35. h3 Rd4 36. Rxd4 Qxd4 37. Qg6 1-0

[Event "Leca da Palmeira op"]
[Site "Leca da Palmeira POR"]
[Date "2022.08.03"]
[Round "6.6"]
[White "Sismeiro, Miguel"]
[Black "Spraggett, Kevin"]
[Result "1/2-1/2"]
[WhiteElo "2162"]
[BlackElo "2487"]
[PlyCount "66"]
[EventDate "2022.07.31"]
[EventType "swiss"]
[EventRounds "9"]
[EventCountry "POR"]
[Source "ChessMix"]
[SourceDate "2022.08.10"]

1. e4 c5 2. Nf3 Nc6 3. Bb5 e6 4. O-O Nge7 5. Re1 Ng6 6. c3 Be7 7. d4 cxd4 8.
cxd4 d5 9. e5 f6 10. h4 f5 11. h5 Nf8 12. Be3 g5 13. hxg6 hxg6 14. Qc1 Bd7 15.
Nc3 Rc8 16. Qd2 a6 17. Bd3 Nh7 18. g4 Kf7 19. g5 Kg7 20. Kg2 Qa5 21. a3 Nd8 22.
Rh1 Nf7 23. Rh3 Rcg8 24. Rah1 Qd8 25. Rg3 Nf8 26. Rxh8 Rxh8 27. Ng1 b5 28. f4
Qb6 29. Rh3 Rxh3 30. Kxh3 a5 31. Qc2 Bc6 32. Nf3 Nd7 33. a4 b4 1/2-1/2

[Event "Leca da Palmeira op"]
[Site "Leca da Palmeira POR"]
[Date "2022.08.03"]
[Round "7.4"]
[White "Spraggett, Kevin"]
[Black "Garcia Dorado, Alberto"]
[Result "1-0"]
[WhiteElo "2487"]
[BlackElo "2206"]
[PlyCount "78"]
[EventDate "2022.07.31"]
[EventType "swiss"]
[EventRounds "9"]
[EventCountry "POR"]
[Source "ChessMix"]
[SourceDate "2022.08.10"]

1. Nf3 d5 2. g3 Bg4 3. Bg2 Nd7 4. O-O Ngf6 5. b3 e6 6. Bb2 Bd6 7. Na3 c6 8. c4
O-O 9. Nc2 Bxf3 10. exf3 c5 11. cxd5 Nxd5 12. f4 N7b6 13. Ne3 Rc8 14. f5 Nxe3
15. dxe3 exf5 16. Bxb7 Rc7 17. Bg2 Qe7 18. h3 f6 19. Qd3 g6 20. Rfd1 Rd8 21.
Qb5 Kg7 22. a4 c4 23. a5 Nd7 24. Qxc4 Ne5 25. Qc2 Bb4 26. a6 Qc5 27. Qe2 Rxd1+
28. Qxd1 Qb6 29. Bb7 Bc5 30. Kg2 Qb4 31. Qd8 Bb6 32. Qe8 Qd6 33. h4 h6 34. h5
gxh5 35. Qxh5 Qe6 36. Qd1 Nc6 37. Bxc6 Qxc6+ 38. Qf3 Qe6 39. b4 Kg6 1-0

[Event "Leca da Palmeira op"]
[Site "Leca da Palmeira POR"]
[Date "2022.08.05"]
[Round "8.1"]
[White "Nigmatov, Ortik"]
[Black "Spraggett, Kevin"]
[Result "1/2-1/2"]
[WhiteElo "2437"]
[BlackElo "2487"]
[PlyCount "173"]
[EventDate "2022.07.31"]
[EventType "swiss"]
[EventRounds "9"]
[EventCountry "POR"]
[Source "ChessMix"]
[SourceDate "2022.08.10"]

1. e4 c5 2. Nf3 e6 3. d4 cxd4 4. Nxd4 Nc6 5. Nc3 Qc7 6. Be3 a6 7. Qf3 Nf6 8.
O-O-O h5 9. Nxc6 bxc6 10. Bc4 Be7 11. Bb3 a5 12. Rhe1 Bb7 13. Bg5 c5 14. Qd3
Bc6 15. e5 Nd5 16. Bxe7 Nxe7 17. Nb5 Qb6 18. Nd6+ Kf8 19. Qe3 g6 20. Nc4 Qa7
21. a4 Nf5 22. Qg5 Rb8 23. Qf6 Rh7 24. Rd3 Qc7 25. Nd6 Qb6 26. Red1 Nxd6 27.
exd6 Re8 28. Re3 Qb4 29. Qc3 Bxg2 30. Rg1 Bc6 31. Qe5 Qd4 32. c3 Qh4 33. Bc2
Rg7 34. Reg3 f6 35. Qxc5 g5 36. Qe3 Bxa4 37. Qf3 g4 38. Qd3 Bxc2 39. Kxc2 Qxh2
40. Qe3 f5 41. Qd4 Kg8 42. Kb1 h4 43. R3g2 Qh3 44. Qf6 Qd3+ 45. Kc1 h3 46. Rg3
Qxd6 47. Rxh3 Qf4+ 48. Kd1 Qxf2 49. Rxg4 Qf1+ 50. Kd2 Qf2+ 51. Kd1 fxg4 52.
Qxf2 gxh3 53. Qh4 Rb8 54. Kc2 Rg2+ 55. Kd3 h2 56. b4 axb4 57. Qh3 h1=Q 58. Qxh1
Rg3+ 59. Kd4 bxc3 60. Qh2 Rb4+ 61. Ke5 Rbg4 62. Qc2 Kg7 63. Kd6 Rd4+ 64. Ke7
Rd2 65. Qe4 Rd5 66. Qf4 Rg6 67. Qf3 c2 68. Qc3+ e5 69. Qxc2 Re6+ 70. Kd8 e4 71.
Qg2+ Kf6 72. Qf2+ Rf5 73. Qd4+ Ree5 74. Qe3 Rf3 75. Qh6+ Kf5 76. Qh7+ Kf4 77.
Qh2+ Kf5 78. Qh7+ Kg5 79. Qg7+ Kf4 80. Qh6+ Rg5 81. Kxd7 e3 82. Kd6 e2 83. Qf6+
Rf5 84. Qd4+ Kg3 85. Qg1+ Kf4 86. Qd4+ Kg3 87. Qg1+ 1/2-1/2